Financial Procedure Act 1957 [Act 61] : [As at 2oth January 1997]

Bibliographic Details
Corporate Authors: Malaysia, International Law Book Services, Legal Research Board
Format: Book
Language:English
Published: Kuala Lumpur : International Law Book Services 1997
Subjects:

MARC

LEADER 00000cam a2200000 7i4500
001 0000027533
005 20241118.0
008 170420 my eng
020 |a 9678905515 
040 |a INS   |b eng   |e rda 
090 0 0 |a KPG14L3   |b F5 1997 
110 1 |a Malaysia 
245 1 0 |a Financial Procedure Act 1957 [Act 61] :   |b [As at 2oth January 1997]   |c complied by Legal Research Board 
264 1 |a Kuala Lumpur :   |b International Law Book Services   |c 1997 
300 |a 27 pages ;   |c 24cm. 
336 |a text  |2 rdacontent 
337 |a unmediated  |2 rdamedia 
338 |a carrier  |2 rdacarrier 
650 0 |a Finance,public   |x Accounting-Law and legislation   |z Malaysia 
650 0 |a Finance,public   |x Law and legislation   |z Malaysia 
710 1 |a International Law Book Services, Legal Research Board 
740 0 |a Laws of Malaysia 
999 |a 0000024360   |b BOOK   |c Open Shelf   |e Default branch